000 00549nam a2200169Ia 4500
008 140609s9999 xx 000 0 und d
020 _a9781412934428
050 _aBF 76.5
_b.G39 2008
100 _aGavin, Helen.
245 _aUnderstanding research methods and statistics in psychology /
_cHelen Gavin
260 _aLos Angeles :
_bSAGE Publications,
_cc2008.
300 _a404 p. :
_bill. ;
_c23 cm.
500 _aIncludes bibliographical references, appendices, glossary and index.
521 _aPSYCH
942 _kFOR
_cBK
999 _c118108
_d118108